Software engineering: Software reliability, testing and quality assurance (Record no. 5713)

MARC details
000 -LEADER
fixed length control field 00508nam a2200169Ia 4500
008 - FIXED-LENGTH DATA ELEMENTS--GENERAL INFORMATION
fixed length control field 230917s9999||||xx |||||||||||||| ||und||
020 ## - ISBN
Price RS 425.00
040 ## - CATALOGING SOURCE
-- 5013834
Original cataloging agency VIVEKANANDA LIBRARY
041 ## - Language
-- English
082 ## - DDC NUMBER
Classification number 005.1 G41S
100 ## - MAIN ENTRY--PERSONAL NAME
Personal name Gill, Nasib Singh
245 #0 - TITLE STATEMENT
Title Software engineering: Software reliability, testing and quality assurance
260 ## - PUBLICATION, DISTRIBUTION, ETC. (IMPRINT)
Place of publication, distribution, etc New Delhi
Name of publisher, distributor, etc Khanna Book Publishing
Date of publication, distribution, etc 2020
300 ## - PHYSICAL DESCRIPTION
Pages xxxiv, 622 p.
500 ## - GENERAL NOTE
General note 4565 12/09/2022 HBD22/9450 04/11/2022 Main Budget
942 ## - ADDED ENTRY ELEMENTS (KOHA)
Koha item type Books
Holdings
Withdrawn status Lost status Damaged status Not for loan Location (home branch) Sublocation or collection (holding branch) Date acquired Koha issues (times borrowed) Koha full call number Accession No. Koha date last seen Koha item type
        VIVEKANANDA LIBRARY VIVEKANANDA LIBRARY 17/11/2022 2 005.1 G41S 401371 12/02/2026 Books
© Designed and Maintained by Vivekananda Library, MDU Rohtak